Korona Himalajów i Karakorum /dla Ignacego - Statystyki

Ogólne statystyki
  • Ten quiz został rozwiązany 203 razy
  • Średni wynik to 9 z 14
Statystyki odpowiedzi
Nr Wysokość (m.n.p.m.) Położenie geograficzne Nazwa szczytu % Poprawnych
2. 8 611 Karakorum, Pakistan/Chiny K2
99%
1. 8 848 Himalaje, Nepal/Chiny Mount Everest
99%
4. 8 501 Himalaje, Nepal/Chiny Lhotse
81%
9. 8 125 Himalaje, Pakistan Nanga Parbat
73%
12. 8 047 Karakorum, Pakistan/Chiny Broad Peak
72%
10. 8 091 Himalaje, Nepal Annapurna
71%
5. 8 481 Himalaje, Nepal/Chiny Makalu
64%
7. 8 156 Himalaje, Nepal Manaslu
59%
8. 8 153 Himalaje, Nepal/Chiny Cho Oyu
47%
6. 8 167 Himalaje, Nepal Dhaulagiri
47%
11. 8 068 Karakorum, Pakistan/Chiny Gasherbrum I
44%
13. 8 035 Karakorum, Pakistan/Chiny Gasherbrum II
44%
14. 8 027 Himalaje, Chiny Shisha Pangma
39%
3. 8 598 Himalaje, Indie/Nepal Kangchenjunga
14%
Nie znaleziono quizów pasujących do podanych kryteriów
Rozkład punktacji
Procent ludzi z każdym wynikiem
Percentyl według liczby udzielonych odpowiedzi
Twoja historia wyników
Nie rozwiązałeś tego quizu